LEADER 01064cam0-22003491i-450- 001 990007522010403321 005 20060404155056.0 035 $a000752201 035 $aFED01000752201 035 $a(Aleph)000752201FED01 035 $a000752201 100 $a20030814d1936----km-y0itay50------ba 101 0 $aita 102 $aIT 105 $ab-------001yy 200 1 $a<>terremoti in Italia$fMario Baratta 210 $aFirenze$cLe Monnier$d1936 215 $aVIII, 180 p., 2 c. geogr. ripieg. col.$d24 cm 225 1 $aPubblicazioni della Commissione italiana per lo studio delle grandi calamità$v0006 300 $aIn testa al front.: R. Accademia Nazionale dei Lincei 610 0 $aItalia$aTerremoti 676 $a551.220945 700 1$aBaratta,$bMario$f<1868-1935>$036019 801 0$aIT$bUNINA$gRICA$2UNIMARC 901 $aBK 912 $a990007522010403321 952 $aE-06-051$bIst.2888$fILFGE 952 $aXXXII Ant. 221$b38247$fFSPBC 959 $aILFGE 959 $aFSPBC 996 $aTerremoti in Italia$944212 997 $aUNINA LEADER 01364nam 2200349 n 450 001 996392877003316 005 20221108065622.0 035 $a(CKB)4940000000110725 035 $a(EEBO)2240935416 035 $a(UnM)99867386 035 $a(EXLCZ)994940000000110725 100 $a19940511d1657 uy | 101 0 $aeng 135 $aurbn||||a|bb| 200 14$aThe city remembrancer. Or, A sermon preached to the native-citizens, of London$b[electronic resource] $eat their solemn assembly in Pauls on Tuesday, the 23 of June, A.D. MDCLVII. /$fBy Edm. Calamy B.D. and pastor of the church at Aldermanbury 210 $aLondon, $cPrinted by S.G. for John Baker, at the sign of the Peacock in Pauls Church-yard.$d1657 215 $a[16], 74 p 300 $aAnnotation on Thomason copy: "July 30". 300 $aReproduction of the original in the British Library. 330 $aeebo-0018 606 $aSermons, English$y17th century 607 $aLondon (England)$xHistory$y17th century$vEarly works to 1800 615 0$aSermons, English 700 $aCalamy$b Edmund$f1600-1666.$01002065 801 0$bCu-RivES 801 1$bCu-RivES 801 2$bCStRLIN 801 2$bWaOLN 906 $aBOOK 912 $a996392877003316 996 $aThe city remembrancer. Or, A sermon preached to the native-citizens, of London$92338943 997 $aUNISA